000 00403nam a2200157Ia 4500
008 240729s9999 xx 000 0 und d
022 _a1089-9758
245 0 _aOnline Journal of Nursing Informatics
260 _aUnited States
260 _bHIMSS
650 _a Nursing
650 _aMedicine
856 _uhttps://doaj.org/toc/4c28f770d4bb47abb4651a3179c63158
942 _2ddc
942 _cDOAJEJ
999 _c66750
_d66750
945 _a1
_bMadushi Gamage
_c1
_dMadushi Gamage